[Event "Thessaloniki Vardaris op 5th"]
[Site "Thessaloniki"]
[Date "2019.03.08"]
[Round "2"]
[White "Tsekmes, Dimitrios"]
[Black "Stergiou, Konstantinos"]
[Result "1-0"]
[WhiteElo "2138"]
[BlackElo "1802"]
[PlyCount "79"]
[EventDate "2019.03.07"]
[EventType "swiss"]
[EventRounds "7"]
[EventCountry "GRE"]
[SourceTitle "CBM 189 Extra"]
[Source "ChessBase"]
[SourceDate "2019.06.03"]
[SourceVersion "1"]
[SourceVersionDate "2019.06.03"]
[SourceQuality "1"]

1. e4 e6 2. d4 d5 3. Bd3 c5 4. exd5 exd5 5. Nf3 Nf6 6. 0-0 cxd4 7. Nxd4 Be7 8. Nd2 0-0 9. Re1 Nc6 10. Nf5 Bc5 11. Nb3 Bb6 12. Bg5 Be6 13. c3 Bxf5 14. Bxf5 Qd6 15. Qf3 Bc7 16. Qh3 g6 17. Bc2 Rfe8 18. Nc5 Ne5 19. Nxb7 Qb6 20. Nc5 Nfg4 21. b4 f5 22. Ba4 Nf7 23. Bxe8 Nxg5 24. Qd3 Qd6 25. g3 Ne5 26. Rxe5 Qxe5 27. Bc6 Rd8 28. f4 Qd6 29. Nb7 Qxc6 30. Nxd8 Qb6+ 31. Kg2 Ne4 32. Qxd5+ Kh8 33. Qf7 Qd6 34. Qe8+ Kg7 35. Ne6+ Kf6 36. Nd4 Nxc3 37. Qc6 Ne4 38. Rc1 Bb6 39. Nb5 Qxc6 40. Rxc6+ 1-0

[Event "Kastoria op 1st"]
[Site "Kastoria"]
[Date "1996.07.23"]
[Round "7.14"]
[White "Printezis, Antonios Georgios"]
[Black "Stergiou, Konstantinos"]
[Result "1/2-1/2"]
[WhiteElo "1610"]
[BlackElo "1999"]
[PlyCount "72"]
[EventDate "1996.07.17"]
[EventType "swiss"]
[EventRounds "9"]
[EventCountry "GRE"]
[SourceTitle "EXT 2024"]
[Source "ChessBase"]
[SourceDate "2023.10.10"]
[SourceVersion "1"]
[SourceVersionDate "2023.10.10"]
[SourceQuality "1"]

1. d4 d5 2. c4 e6 3. Nc3 Nf6 4. Bg5 Be7 5. e3 a6 6. a4 0-0 7. Nf3 Nbd7 8. Qb3 dxc4 9. Bxc4 Nb6 10. Be2 Nbd5 11. Rc1 Bb4 12. 0-0 Nxc3 13. bxc3 Be7 14. c4 c5 15. Rfd1 Qc7 16. Ne5 Ne8 17. Bxe7 Qxe7 18. Bf3 f6 19. Nd3 cxd4 20. exd4 Kh8 21. Re1 Qd6 22. Qc3 Nc7 23. Nc5 Rb8 24. Nd3 b5 25. c5 Qd8 26. Nb4 Bd7 27. c6 Bc8 28. a5 Qd6 29. Qc5 Qxc5 30. Rxc5 Rd8 31. Rd1 Kg8 32. d5 Rd6 33. Rc2 e5 34. g4 Kf7 35. Re2 g6 36. h3 g5 1/2-1/2

[Event "Kastoria op 1st"]
[Site "Kastoria"]
[Date "1996.07.22"]
[Round "6.11"]
[White "Stergiou, Konstantinos"]
[Black "Ilandzis, Spyridon"]
[Result "0-1"]
[WhiteElo "1999"]
[BlackElo "2265"]
[PlyCount "72"]
[EventDate "1996.07.17"]
[EventType "swiss"]
[EventRounds "9"]
[EventCountry "GRE"]
[SourceTitle "EXT 2024"]
[Source "ChessBase"]
[SourceDate "2023.10.10"]
[SourceVersion "1"]
[SourceVersionDate "2023.10.10"]
[SourceQuality "1"]

1. e4 c5 2. c3 d5 3. exd5 Qxd5 4. d4 Nf6 5. Nf3 e6 6. Be2 Nc6 7. 0-0 cxd4 8. cxd4 Be7 9. Nc3 Qd6 10. Be3 0-0 11. Qb3 Ng4 12. Nb5 Qb8 13. Bd2 a6 14. h3 h5 15. hxg4 hxg4 16. Ne5 axb5 17. Be3 g3 18. Qxb5 Nb4 19. Bf4 gxf2+ 20. Rxf2 Qa7 21. Nf3 Rd8 22. Qh5 Bd7 23. Be5 Nc6 24. Bd3 f5 25. g4 Be8 26. Qh2 Nxd4 27. Nxd4 Rxd4 28. Bxd4 Qxd4 29. Qg3 Bd6 30. Qh3 Bc5 31. Raf1 Rd8 32. Bc2 Bb5 33. Bb3 Rd6 34. Qh5 Qf4 35. gxf5 Qg3+ 36. Kh1 Bxf2 0-1

[Event "Kastoria op 1st"]
[Site "Kastoria"]
[Date "1996.07.20"]
[Round "4.14"]
[White "Stergiou, Konstantinos"]
[Black "Maggos, Theodoros"]
[Result "1-0"]
[WhiteElo "1999"]
[BlackElo "1675"]
[PlyCount "53"]
[EventDate "1996.07.17"]
[EventType "swiss"]
[EventRounds "9"]
[EventCountry "GRE"]
[SourceTitle "EXT 2024"]
[Source "ChessBase"]
[SourceDate "2023.10.10"]
[SourceVersion "1"]
[SourceVersionDate "2023.10.10"]
[SourceQuality "1"]

1. e4 Nf6 2. e5 Nd5 3. d4 d6 4. exd6 exd6 5. Nf3 Be7 6. Bc4 Be6 7. Nbd2 Qd7 8. 0-0 Bf6 9. Ne4 Nf4 10. d5 Nh3+ 11. gxh3 Bxh3 12. Re1 Be7 13. Bf1 Bg4 14. Qd3 h6 15. Ng3 Bxf3 16. Qxf3 0-0 17. Qe4 Bf6 18. Bd3 g6 19. Bxh6 Bxb2 20. Rab1 Bg7 21. Bxg7 Kxg7 22. Qd4+ Kg8 23. Qf6 Qg4 24. Re4 Nd7 25. Qe7 Qh3 26. Rh4 Rae8 27. Qxf8+ 1-0